Vrcholový manažment a financie Podnikový dizajn - tvár firmy

Tvorba podnikového dizajnu. Ponuky špecializovaných firiem na tvorbu podnikového dizajnu. Prvky podnikového dizajnu: logo/značka, podnikové písmo, podniková farba, raster, dizajn produktu, komunikačný dizajn, dizajn architektúry. Dizajnový manuál. Dizajnový manuál na báze internetu (CI-Net).

Na minha lista:
Detalhes bibliográficos
Autor principal: Mišún, Juraj, 1978-
Formato: Capítulo de Livro
Idioma:eslovaco
Assuntos:
Tags: Adicionar Tag
Sem tags, seja o primeiro a adicionar uma tag!

MARC

LEADER 00000naa$a2200000$$$4500
001 0113811
005 20240502072251.1
041 0 |a slo 
044 |a SK 
245 1 0 |a Vrcholový manažment a financie  |b Podnikový dizajn - tvár firmy  |c Juraj Mišún 
520 |a Tvorba podnikového dizajnu. Ponuky špecializovaných firiem na tvorbu podnikového dizajnu. Prvky podnikového dizajnu: logo/značka, podnikové písmo, podniková farba, raster, dizajn produktu, komunikačný dizajn, dizajn architektúry. Dizajnový manuál. Dizajnový manuál na báze internetu (CI-Net). 
610 2 0 |a dizajn 
610 2 0 |a podnik 
610 2 0 |a logo 
610 2 0 |a značky výrobné 
610 2 0 |a architektúra 
610 2 0 |a produkty 
610 2 0 |a farby 
610 2 0 |a prezentácia firemná 
610 2 0 |a komunikácia firemná 
100 1 |a Mišún, Juraj, 1978-